Note sur les plantes útiles du Brésil / (Record no. 41701)

MARC details
000 -CABECERA
campo de control de longitud fija 00626nam a2200193 a 4500
005 - FECHA Y HORA DE LA ÚLTIMA TRANSACCIÓN
campo de control 20240808063828.0
008 - ELEMENTOS DE LONGITUD FIJA--INFORMACIÓN GENERAL
campo de control de longitud fija 991125s1879 fr 000 0 por u
035 ## - NÚMERO DE CONTROL DEL SISTEMA
Número de control de sistema UPN01000041701
049 ## - COLECCIÓN
Colección CE
050 #4 - SIGNATURA TOPOGRÁFICA DE LA BIBLIOTECA DEL CONGRESO
Número de clasificación QK75
Número de documento/Ítem V5.5
100 1# - ASIENTO PRINCIPAL--NOMBRE PERSONAL
Nombre de persona Villa-Franca, M.,
Títulos y otros términos asociados al nombre Le Barón de
245 10 - MENCIÓN DE TÍTULO
Título Note sur les plantes útiles du Brésil /
Mención de responsabilidad, etc. par M. Le Barón de Villa-Franca
260 ## - PUBLICACIÓN, DISTRIBUCIÓN, ETC.
Lugar de publicación, distribución, etc. París :
Nombre del editor, distribuidor, etc. Octave Doin,
Fecha de publicación, distribución, etc. 1879.
300 ## - DESCRIPCIÓN FÍSICA
Extensión 40 p.
500 ## - NOTA GENERAL
Nota general "Extrait du bulletin de thérapeutique médicale et chirurgicale numéros de juillet 1879 et suivants"
650 #4 - ASIENTO SECUNDARIO DE MATERIA - TERMINO TEMATICO
Término de materia o nombre geográfico como elemento de entrada Botánica
9 (RLIN) 764
650 #4 - ASIENTO SECUNDARIO DE MATERIA - TERMINO TEMATICO
Término de materia o nombre geográfico como elemento de entrada HERBARIA
9 (RLIN) 13179
905 ## - TIPO DE MATERIAL
Tipo de material Libro
Holdings
Estado de retiro Estado de pérdida Fuente del sistema de clasificación o colocación Estado dañado No para préstamo Código de colección Localización permanente Ubicación/localización actual Ubicación en estantería Total de préstamos Clasificación Código de barras Fecha visto por última vez Número de copia Tipo de ítem Koha
    Library of Congress Classification   Coleccion Esp. Colección Especial Bib. Gregorio Torres Quintero Bib. Gregorio Torres Quintero Colección Especial   QK75 V5.5 873F 31/12/2020 1 Libro